| 000 | 00902nmm a2200265 a 4500 | ||
|---|---|---|---|
| 001 | ocm000608194 | ||
| 003 | TR-IsHL | ||
| 005 | 20201028125026.0 | ||
| 008 | 110704s2008 tu tur | ||
| 007 | cr cn | ||
| 020 | _a9789944603201 | ||
| 035 |
_a608194 _b(N$T) |
||
| 050 | 0 | 4 |
_aHC493.İ8 _bR35 2008 |
| 090 | 0 | 4 |
_aHC493.İ8 _bR35 2008 |
| 245 | 1 | 0 |
_aRakamlarla İstanbul ekonomisi _h[electronic resource] |
| 250 | _a1. bs. | ||
| 260 |
_aİstanbul : _bİstanbul Ticaret Odası, _c2008 |
||
| 300 | _a106 p. | ||
| 650 | 4 | _aEkonomi ve Finans | |
| 650 | 4 | _aEconomics and Finance | |
| 650 | 0 |
_aİstanbul (Türkiye) _x Ekonomik durum _x İstatistikler |
|
| 650 | 0 |
_aIstanbul (Turkey) _x Economic conditions _x Statistics |
|
| 650 | 7 |
_aBUSINESS & ECONOMICS / Economic Conditions _2bisacsh |
|
| 856 | 4 | 0 | _uhttp://search.ebscohost.com/login.aspx?direct=true&scope=site&db=e011xww&AN=608194 |
| 999 |
_c3265 _d3265 |
||